| 000 | 00487nam a2200181Ia 4500 | ||
|---|---|---|---|
| 001 | 2264 | ||
| 005 | 20260306143829.0 | ||
| 008 | 260306t2016||||xx |||||||||||||| ||spa|| | ||
| 041 | _aESP | ||
| 082 |
_a616.8522 _bC68 |
||
| 100 |
_aClark, David A. _eAUT |
||
| 245 | 0 |
_aManual práctico para la ansiedad y las preocupaciones: _bla solución cognitiva conductual |
|
| 260 | _c2016 | ||
| 300 |
_avi, 397 páginas : _c21 cm. |
||
| 650 | _aGEN | ||
| 654 | _aCPS | ||
| 942 |
_cLIB _dJUS _fJUS _2ddc _n |
||
| 999 |
_c2264 _d2264 |
||